Science Quiz

Random Science or Anatomy Quiz

Squid Anatomy Quiz Stats

Quiz not verified by Sporcle

Challenge
Share
Tweet
Uploaded from the Photobucket iPhone App
Score 0/16 Timer 10:00
0 Plays Today
Number Part % Correct
1Mouth
80.3%
2Siphon
78.4%
8Gill
69.8%
15Tentacle
63%
16Arm
62.7%
14Mantle
51.3%
6 (Left of 5)Ink sac
33.9%
10Heart
33.4%
Number Part % Correct
4Liver
32.7%
9Branchial heart
29%
3Vena cava
28.1%
12Stomach
27.9%
5Intestine
27.8%
13Anus
26.9%
7Pancreas
23.7%
11Sinus venosus
12.4%

You're not logged in!

Compare scores with friends on all Sporcle quizzes.
Sign Up with Email
OR
Log In

You Might Also Like...

Show Comments

Extras

Top Quizzes Today


Score Distribution

Your Account Isn't Verified!

In order to create a playlist on Sporcle, you need to verify the email address you used during registration. Go to your Sporcle Settings to finish the process.